000
00354nam a2200121Ia 4500
008
200619s9999 xx 000 0 und d
020
_a
9800000000000
100
_a
Unger Roberto Mangabeira
245
0
_a
What Should Legal Analysis Become?
264
_a
London
_b
Verso Books
_c
2005
942
_c
IR
999
_c
120312
_d
120312